Responses for Show #8329 - Thursday, February 4, 2021

Contestants

[<< previous game]

Gina Damico, an author originally from Syracuse, New York

Stuart Crane, a product line manager from Kalispell, Montana

Nicole Kozdron, an attorney originally from Elyria, Ohio (whose 1-day cash winnings total $18,700)

[next game >>]

Jeopardy! Round responses

AUTOBIOGRAPHIES
30 SOMETHING
"RU" SERIOUS
(Ken: All responses here will begin with the letters "R-U".)
POP CULTURE
NOW LISTEN TO ME
MAN'S PLAIN
    $200 2
Charlie Chaplin

Nicole
    $200 7
(Stuart: What is Cambridge?)

Oxford

StuartGina
    $200 1
the ruble

Stuart
    $200 8
Mister Rogers

Nicole
    $200 16
a muffler

Nicole
    $200 26
Sydney

Gina
    $400 10
(Stuart: Who is Che Guevara?)

Fidel Castro

NicoleStuart
    $400 9
35-millimeter

Stuart
    $400 3
running back

Nicole
    $400 13
Godzilla

Stuart
    $400 17
yodeling

Nicole
    $400 27
sugar

Stuart
    $600 23
Madeleine Albright

Nicole
    $600 11
Karl Malone

Nicole
    $600 4
rural

Stuart
    $600 14
Oscar Isaac

Nicole
    $600 18
Fender

Nicole
    $600 28
(Gina: What is Mars?)

the Moon

StuartGina
    $1,500 24
Malcolm X

Nicole
    $800 12
33 1/3

Stuart
    $800 5
ruffed

Stuart
    $800 15
Shark Week

Stuart
    $800 19
a foley artist

Nicole
    $800 29
North Dakota

Stuart
    $1000 25
(Richard) Feynman

Stuart
    $1000 22
(Stuart: Who is Augustus?)

Tiberius

Stuart
Triple Stumper
    $1000 6
a rutabaga

Nicole
    $1000 21
Matt Damon & Ben Affleck

Gina
    $1000 20
a mosquito

Stuart
    $1000 30
the Plains of Abraham

Triple Stumper

Scores at the first commercial break (after clue 15):

Nicole Stuart Gina
$3,400 $3,400 $200

Scores at the end of the Jeopardy! Round:

Nicole Stuart Gina
$7,500 $6,200 $800

Double Jeopardy! Round responses

HISTORY ACROSS THE AGES
QUESTIONABLE VERBS
POETRY
CORNERSTONES
SCIENCE "D"ICTIONARY
MUSICALS BY SONG LYRICS
    $400 7
the Victorian

Nicole
    $400 8
(Ken: You would have been in trouble if you missed a law question.)

cross-examining

Nicole
    $400 26
(Stuart: [With cheering hand motion] Hooray, POETRY for $400.)
[Laughter]
(Ken: You've been saving the best for last.)

Detroit

Stuart
    $400 19
Yellowstone

Stuart
    $400 2
digest

Stuart
    $400 14
Beauty and the Beast

Nicole
    $800 17
the Stone Age

Triple Stumper
    $800 9
to pry

Nicole
    $1,000 27
(Ken: Now, you got a big lead, but we can tell you're such a poetry fan, Stuart. What would you like to wager?)
(Stuart: Negative $2,000.)
[Ken laughs]
...
(Ken: That is correct, "Rime of the Ancient Mariner".)

albatrosses

Stuart
    $800 22
Lafayette

Gina
    $800 3
the dew point

Stuart
    $800 13
(Ken: That's a Four Seasons song, it's [*]. I think Gina just realized.)

Jersey Boys

Triple Stumper
    $1200 18
the Romans

Triple Stumper
    $1200 10
(Ken: The Riddler, right.)

riddle

Gina
    $1200 28
Shakespeare sonnets

Triple Stumper
    $1200 23
Notre Dame

Gina
    $1200 4
(Ken: Yes, 10-legged.)

decapod

Stuart
    $1200 1
Tommy

Stuart
    $1600 20
the Gilded Age

Stuart
    $1600 15
to poll

Nicole
    $1600 29
Tennyson

Nicole
    $1600 24
the Black Stone

Triple Stumper
    $1600 5
(Stuart: What is the standard [*]?)
[NOTE: Stuart's response was accepted after a pause by Ken to check with the judges.]

deviation

Stuart
    $2,000 11
Les Misérables

Gina
    $2000 21
(Stuart: What is the Pleistiocene?)
...
(Ken: You added a syllable, Stuart, I'm sorry.)

Pleistocene

Stuart
Triple Stumper
    $2000 16
(Ken: From "inquisitive", yes, very good.)

quiz

Stuart
    $2000 30
(Nicole: What is Leaves of Grass?)

"Song of Myself"

Nicole
Triple Stumper
    $2000 25
Estonia

Stuart
    $2000 6
(Ken: That's correct and you did very well in that category.)
[Applause]

dynamics

Stuart
    $2000 12
42nd Street

Gina

Scores at the end of the Double Jeopardy! Round:

Nicole Stuart Gina
$10,700 $18,800 $8,000

[wagering suggestions for these scores]

Final Jeopardy! Round responses

CABLE NETWORKS
(Ken: This network originally showed nothing but sessions of the U.S. House of Representatives.)
GinaWhat is C-SPAN?
$7,995
NicoleWhat is C-SPAN?
$10,600
StuartWhat is C-SPAN?
$3,000
C-SPAN

Final scores:

Nicole Stuart Gina
$21,300 $21,800 $15,995
2nd place: $2,000 New champion: $21,800 3rd place: $1,000

Game dynamics:

Coryat scores:

Nicole Stuart Gina
$10,000 $18,600 $7,600
19 R
(including 1 DD),
1 W
24 R
(including 1 DD),
4 W
8 R
(including 1 DD),
1 W

Combined Coryat: $36,200

[game clues] [game scores] [suggest correction]

Game tape date: 2020-12-09
The J! Archive is created by fans, for fans. Scraping, republication, monetization, and malicious use prohibited; this site may use cookies and collect identifying information. See terms. The Jeopardy! game show and all elements thereof, including but not limited to copyright and trademark thereto, are the property of Jeopardy Productions, Inc. and are protected under law. This website is not affiliated with, sponsored by, or operated by Jeopardy Productions, Inc. Join the discussion at JBoard.tv.